[Event "Cappelle rapid op 2nd"]
[Site "Cappelle la Grande"]
[Date "2020.02.29"]
[Round "1"]
[White "Martinez Alcantara, Jose Eduardo"]
[Black "Arnaud, Aurelien"]
[Result "1-0"]
[WhiteElo "2617"]
[BlackElo "1996"]
[PlyCount "93"]
[EventDate "2020.02.29"]
[EventType "swiss (rapid)"]
[EventRounds "9"]
[EventCountry "FRA"]
[SourceTitle "CBM 195 Extra"]
[Source "ChessBase"]
[SourceDate "2020.05.31"]
[SourceVersion "1"]
[SourceVersionDate "2020.05.31"]
[SourceQuality "1"]

1. c4 Nf6 2. g3 e5 3. Bg2 Nc6 4. Nc3 Bb4 5. Nd5 Bc5 6. Nf3 0-0 7. 0-0 d6 8. e3 Nxd5 9. cxd5 Ne7 10. d4 exd4 11. Nxd4 Nf5 12. Nb3 Bb6 13. Bd2 Nh6 14. Bc3 Bf5 15. a4 a6 16. Nd4 Bxd4 17. Qxd4 f6 18. e4 Bd7 19. a5 Qc8 20. Rfc1 Bh3 21. Bh1 Qd7 22. Bd2 Nf7 23. f4 Rfe8 24. Re1 Rad8 25. Rac1 Re7 26. Qb4 c5 27. dxc6 bxc6 28. Qb6 d5 29. exd5 Rxe1+ 30. Rxe1 cxd5 31. Qxa6 Qa4 32. Qe2 Bd7 33. Qf2 Bb5 34. Bf3 Qb3 35. Qe3 Qxe3+ 36. Rxe3 d4 37. Rb3 Nd6 38. Rb4 d3 39. Rd4 Nb7 40. Rd5 Bc4 41. Rxd8+ Nxd8 42. Kf2 Kf7 43. Ke3 f5 44. Kd4 Ba6 45. Kc5 Ne6+ 46. Kb6 Bc4 47. Be3 1-0

[Event "FRA-ch U18"]
[Site "Hyeres"]
[Date "2019.04.17"]
[Round "5"]
[White "Travadon, Loic"]
[Black "Arnaud, Aurelien"]
[Result "1-0"]
[WhiteElo "2456"]
[BlackElo "2174"]
[PlyCount "123"]
[EventDate "2019.04.14"]
[EventType "swiss"]
[EventRounds "9"]
[EventCountry "FRA"]
[SourceTitle "CBM 190 Extra"]
[Source "ChessBase"]
[SourceDate "2019.07.15"]
[SourceVersion "1"]
[SourceVersionDate "2019.07.15"]
[SourceQuality "1"]

1. c4 e5 2. g3 Nc6 3. Bg2 f5 4. Nc3 Nf6 5. e3 d5 6. Nxd5 Nxd5 7. cxd5 Nb4 8. d3 c6 9. Qb3 Nxd5 10. Nf3 Qe7 11. 0-0 Be6 12. Qd1 e4 13. Nd4 Bd7 14. dxe4 fxe4 15. Qb3 Rb8 16. Bd2 Qe5 17. Qc2 c5 18. f4 Qe7 19. Nb3 Nf6 20. Bc3 Bb5 21. Bxf6 gxf6 22. Rfd1 Bd3 23. Rxd3 exd3 24. Qxd3 Qd7 25. Qe2 Rd8 26. Na5 Qd3 27. Qh5+ Qg6 28. Qf3 Be7 29. Qxb7 Qd3 30. Qf3 0-0 31. Nc6 Rd7 32. Bh3 Rc7 33. Rd1 Qb5 34. Bd7 Rxc6 35. Bxc6 Qxb2 36. Rd7 Qb1+ 37. Rd1 Qg6 38. f5 Qg5 39. h4 Qg7 40. Rd7 Kh8 41. Bd5 Rd8 42. Rxd8+ Bxd8 43. Be6 h6 44. Kf2 Bc7 45. g4 Be5 46. a4 Qc7 47. Qa8+ Qb8 48. Qc6 Bg3+ 49. Kg2 Bxh4 50. Qf3 Bg5 51. a5 a6 52. Bc4 Qd8 53. Kh3 Qe8 54. Bxa6 Qxe3 55. Qxe3 Bxe3 56. Bc4 Bf4 57. Kg2 Kg7 58. Kf3 Bb8 59. Ke4 Kf8 60. Kd5 Ke7 61. Kc6 Kd8 62. Kb7 1-0

[Event "Hourtin Vins du Medoc op 2nd"]
[Site "Hourtin"]
[Date "2016.07.05"]
[Round "5"]
[White "Arnaud, Aurelien"]
[Black "Grandmougin, Olivier"]
[Result "1-0"]
[WhiteElo "1663"]
[BlackElo "1922"]
[PlyCount "44"]
[EventDate "2016.07.02"]
[EventType "swiss"]
[EventRounds "9"]
[EventCountry "FRA"]
[SourceTitle "EXT 2019"]
[Source "ChessBase"]
[SourceDate "2018.10.10"]
[SourceVersion "1"]
[SourceVersionDate "2018.10.10"]
[SourceQuality "1"]

1. e4 e6 2. d4 d5 3. Nd2 c5 4. exd5 exd5 5. Ngf3 Nc6 6. dxc5 Bxc5 7. Nb3 Bd6 8. Bd3 Nge7 9. 0-0 0-0 10. c3 a6 11. Qc2 Ng6 12. Be3 Bg4 13. Nbd4 Rc8 14. h3 Nb4 15. Qd2 Nxd3 16. Qxd3 Bd7 17. Rfe1 Nf4 18. Bxf4 Bxf4 19. Rad1 Qa5 20. Ne2 Bb5 21. Qb1 Bd2 22. Rxd2 Rfe8 1-0

[Event "Hourtin Vins du Medoc op 2nd"]
[Site "Hourtin"]
[Date "2016.07.04"]
[Round "3"]
[White "Martin, Eric"]
[Black "Arnaud, Aurelien"]
[Result "0-1"]
[WhiteElo "1888"]
[BlackElo "1663"]
[PlyCount "76"]
[EventDate "2016.07.02"]
[EventType "swiss"]
[EventRounds "9"]
[EventCountry "FRA"]
[SourceTitle "EXT 2019"]
[Source "ChessBase"]
[SourceDate "2018.10.10"]
[SourceVersion "1"]
[SourceVersionDate "2018.10.10"]
[SourceQuality "1"]

1. e4 e5 2. f4 Bc5 3. Nf3 d6 4. c3 Bg4 5. Bc4 Bxf3 6. Qxf3 Nf6 7. fxe5 dxe5 8. d3 h6 9. Rf1 Nc6 10. b4 Bxb4 11. cxb4 Qd4 12. Rf2 Qxa1 13. Rb2 Nd4 14. Qg3 0-0-0 15. Qxe5 Rhe8 16. Qc5 Kb8 17. Bxf7 Rf8 18. Bg6 Ng4 19. Qe7 Nxh2 20. Bf7 Nc6 21. Qe6 Rxd3 22. b5 Rd6 23. Qb3 Ne5 24. Bc4 Rd4 25. Be2 Rxe4 26. Qd5 Nc4 27. Qxe4 Nxb2 28. Bf4 Na4 29. Be5 Qxa2 30. Bxh2 Nc5 31. Qg6 Qb2 32. Bf4 Nb3 33. Qe4 Nd4 34. Nd2 Nxe2 35. Kxe2 Qxb5+ 36. Kd1 Qd7 37. g4 Qxg4+ 38. Kc1 Qxf4 0-1